| 000 | 00805nam a2200277 a 4500 | ||
|---|---|---|---|
| 001 | 000108040 | ||
| 003 | CHAP | ||
| 005 | 20220329143954.0 | ||
| 008 | 131129s2011 ag a |r| |||1|||spa|d | ||
| 010 | _a104502 | ||
| 011 | _a105474 | ||
| 020 | _a9789500602754 | ||
| 040 | _cCHAP | ||
| 082 | 0 | 4 |
_a575.1 _bP61 |
| 100 | 1 |
_aPierce, Benjamin A. _9124820 |
|
| 245 | 1 | 0 |
_aFundamentos de genética : _bconceptos y relaciones / _cpor Benjamin A. Pierce. |
| 260 | 3 |
_aBuenos Aires : _bMedica Panamericana, _c2011. |
|
| 300 | _axxii, 458 p. | ||
| 534 | _pTít. original : Genetics Essentials. Concepts and Connections | ||
| 590 |
_aE11695DGD _b10 _c20131203 _lUCH01 _h1424 |
||
| 590 |
_aE792CSJ _b05 _c20131129 _lUCH01 _h1240 |
||
| 650 | 1 | 4 |
_aGenética. _947469 |
| 901 | _aBK | ||
| 942 | _cLIBRO | ||
| 942 | _n0 | ||
| 999 |
_c104502 _d104502 |
||